Statistiken für Teile des Vereinigten Königreiches

Klicken Sie hier um das Quiz zu spielen!

Allgemein

  • Dieses Quiz wurde 1.313 mal gespielt
  • Das Durchschnittsergebnis liegt bei 10 aus 21

Antwortstatistiken

HinweisAntwort% Korrekt
LandesteileEngland
95%
LandesteileWales
95%
LandesteileSchottland
94%
LandesteileNordirland
93%
ÜberseeterritorienGibraltar
70%
ÜberseeterritorienBritische {Jungfern}inseln
68%
KronbesitzungenIsle of Man
64%
Überseeterritorien{Falkland}inseln
57%
KronbesitzungenJersey
55%
KronbesitzungenGuernsey
48%
Überseeterritorien{Cayman} Islands
39%
ÜberseeterritorienBermuda
39%
ÜberseeterritorienSt. Helena, Ascension
und Tristan da Cunha
29%
ÜberseeterritorienSüdgeorgien und die
Südlichen Sandwichinseln
22%
ÜberseeterritorienMontserrat
19%
ÜberseeterritorienAnguilla
19%
Überseeterritorien{Pitcairn}inseln
15%
ÜberseeterritorienBritisches Territorium
im Indischen Ozean
14%
ÜberseeterritorienTurks und Caicos
14%
ÜberseeterritorienBritisches Antarktis-Territorium
12%
ÜberseeterritorienAkrotiri und Dekelia
12%

Verteilung der Resultate

Perzentil nach korrekt beantworteten Fragen

Anzahl Personen mit jedem Resultat

Ihre Resultats-Entwicklung

Sie haben dieses Quiz noch nicht gespielt